[Event "6th HIT Open, Nova Gorica SLO"]
[Site "?"]
[Date "2001.??.??"]
[Round "9"]
[White "Nevednichy, V."]
[Black "Sermek, D."]
[Result "1/2-1/2"]
[WhiteElo "2560"]
[BlackElo "2515"]
[PlyCount "82"]
[EventDate "2001.??.??"]
[Source "www.chesslib.no"]
[SourceDate "2004.05.04"]

1. e4 c5 2. Nf3 e6 3. d3 Nc6 4. g3 d5 5. Nbd2 g6 6. Bg2 Nf6 7. O-O Bg7 8. exd5 Nxd5 9. c3 O-O 10. a4 b6 11. Nc4 Rb8 12. Re1 Bb7 13. h4 h6 14. Qe2 e5 15. a5 Re8 16. axb6 axb6 17. Qc2 b5 18. Ne3 Ndb4 19. cxb4 Nxb4 20. Qe2 Nxd3 21. h5 Nxe1 22. Nxe1 c4 23. hxg6 fxg6 24. Bd2 Bxg2 25. Kxg2 Qd7 26. Bb4 Qc6+ 27. Kg1 Ra8 28. Rd1 Red8 29. Bc3 Qe4 30. N1c2 Rxd1+ 31. Qxd1 Rf8 32. Qd7 Qf3 33. Be1 c3 34. bxc3 Qe2 35. c4 bxc4 36. Qe6+ Kh7 37. Qxc4 Qxc4 38. Nxc4 h5 39. N2e3 g5 40. Bc3 Re8 41. Nd6 Re6 1/2-1/2

[Event "Wch U20"]
[Site "Zagan"]
[Date "1997.07.25"]
[Round "11"]
[White "Bauer, Christian"]
[Black "Kacheishvili, Giorgi"]
[Result "1-0"]
[WhiteElo "2525"]
[BlackElo "2550"]
[PlyCount "65"]
[EventDate "1997.07.14"]
[Source "ChessBase"]
[SourceDate "1997.09.26"]

1. e4 c5 2. Nf3 e6 3. d3 Nc6 4. g3 d5 5. Nbd2 g6 6. Bg2 Nf6 7. O-O Bg7 8. Re1 O-O 9. c3 Qc7 10. a3 dxe4 11. dxe4 Rd8 12. Qe2 Nd7 13. Nf1 Na5 14. Bg5 f6 15. Be3 c4 16. Rad1 Re8 17. h4 Bf8 18. N1h2 e5 19. h5 Nc5 20. hxg6 hxg6 21. Nh4 Qf7 22. Bxc5 Bxc5 23. Ng4 Kg7 24. Bf3 Be6 25. Kg2 Rad8 26. Ne3 Bxe3 27. Qxe3 Rxd1 28. Rxd1 b6 29. Qe2 Re7 30. Rh1 Qf8 31. Bg4 Bf7 32. Bf5 Nb7 33. Bxg6 1-0

[Event "FRA-ch Prelim Gr-B"]
[Site "Besancon"]
[Date "1999.08.22"]
[Round "7"]
[White "Bauer, Christian"]
[Black "Bacrot, Etienne"]
[Result "1-0"]
[WhiteElo "2480"]
[BlackElo "2592"]
[PlyCount "66"]
[EventDate "1999.08.16"]
[Source "ChessBase"]
[SourceDate "1999.12.01"]

1. e4 c5 2. Nf3 e6 3. d3 Nc6 4. g3 d5 5. Qe2 Nd4 6. Nxd4 cxd4 7. Bg2 Ne7 8. O-O dxe4 9. Bxe4 Nc6 10. Nd2 Be7 11. h4 O-O 12. Nc4 f6 13. Bf4 g6 14. Bh6 Re8 15. h5 f5 16. Bxc6 bxc6 17. Ne5 Bd6 18. hxg6 hxg6 19. f4 Qf6 20. Bg5 Bxe5 21. Bxf6 Bxf6 22. g4 Bb7 23. Rae1 Kf7 24. Rf3 fxg4 25. Rg3 c5 26. Qxg4 Bd5 27. Qxg6+ Ke7 28. f5 e5 29. Qh7+ Bf7 30. Qh1 Rab8 31. Qc6 Rec8 32. Qa6 Bd5 33. Rg6 Rb6 1-0

[Event "active"]
[Site "active"]
[Date "1988.??.??"]
[Round "?"]
[White "Ehlvest, Jaan"]
[Black "Velikov, Petar V"]
[Result "1-0"]
[WhiteElo "2585"]
[BlackElo "2485"]
[PlyCount "47"]
[EventDate "1988.??.??"]
[Source "www.chesslib.no"]
[SourceDate "2004.05.04"]

1. e4 c5 2. Nf3 e6 3. d3 Nf6 4. g3 d5 5. Qe2 Be7 6. Bg2 Nc6 7. O-O O-O 8. Re1 dxe4 9. dxe4 b6 10. e5 Nd5 11. c4 Ndb4 12. Rd1 Qc7 13. Nc3 Bb7 14. Nb5 Qb8 15. a3 Na6 16. Nd6 Bxd6 17. Rxd6 Na5 18. Bf4 Qc7 19. Rad1 Nb8 20. Ng5 h6 21. Ne4 Nac6 22. Nf6+ Kh8 23. Bxh6 gxh6 24. Qe4 1-0

[Event "Moscow2"]
[Site "Moscow"]
[Date "1995.??.??"]
[Round "?"]
[White "Vasiukov, Evgeni"]
[Black "Balashov, Yuri S"]
[Result "1-0"]
[WhiteElo "2490"]
[BlackElo "2560"]
[PlyCount "57"]
[EventDate "1995.04.??"]
[Source "ChessBase"]

1. e4 c5 2. Nf3 e6 3. d3 Nc6 4. g3 d5 5. Qe2 Nge7 6. h4 h6 7. h5 dxe4 8. dxe4 Nd4 9. Nxd4 cxd4 10. Bg2 Nc6 11. e5 Qc7 12. O-O Nxe5 13. Bf4 Bd6 14. Na3 a6 15. Rfd1 Nc6 16. Bxd6 Qxd6 17. Nc4 Qc7 18. Bxc6+ Qxc6 19. Rxd4 O-O 20. Rad1 b5 21. Ne5 Qc7 22. c3 Rb8 23. Qe3 Rb7 24. Rd6 a5 25. a3 Re8 26. Qd4 Qe7 27. Nc6 Qc7 28. Qc5 Rb8 29. Rd8 1-0

[Event "Cappelle la Grande op"]
[Site "Cappelle la Grande"]
[Date "2001.02.27"]
[Round "5"]
[White "Galdunts, Sergey"]
[Black "Chuchelov, Vladimir"]
[Result "1/2-1/2"]
[WhiteElo "2510"]
[BlackElo "2539"]
[PlyCount "98"]
[EventDate "2001.02.24"]
[Source "ChessBase"]
[SourceDate "2001.03.08"]

1. e4 c5 2. Nf3 e6 3. d3 Nc6 4. g3 Nf6 5. Bg2 Be7 6. O-O d5 7. Qe2 O-O 8. e5 Ne8 9. c4 Nc7 10. Nc3 Rb8 11. a4 a6 12. a5 b5 13. axb6 Rxb6 14. h4 a5 15. Na4 Rb8 16. Be3 Na6 17. cxd5 exd5 18. Rac1 d4 19. Bg5 Rb5 20. Nd2 Ncb4 21. Ne4 Bf5 22. f4 h6 23. Bxe7 Qxe7 24. Rfd1 Rd8 25. Rd2 Na2 26. Ra1 Be6 27. f5 Bb3 28. Nd6 Rbb8 29. f6 Qe6 30. Kh2 Rxd6 31. exd6 Qxd6 32. fxg7 N6b4 33. Qh5 Bxa4 34. Rxa2 Nxa2 35. Bd5 Qf6 36. Bxa2 Bc6 37. Bxf7+ Kxg7 38. Bd5 Bd7 39. Be4 Qd6 40. Rf2 Rf8 41. Rxf8 Kxf8 42. Bd5 Ke7 43. Qf7+ Kd8 44. b3 Kc7 45. Kg2 Qe5 46. Be4 Qe6 47. Qf8 Qd6 48. Qa8 Qb6 49. Qf8 Qd6 1/2-1/2

[Event "Alushta3"]
[Site "Alushta"]
[Date "1994.??.??"]
[Round "6"]
[White "Arkhipov, Sergey"]
[Black "Fominyh, Alexander"]
[Result "1/2-1/2"]
[WhiteElo "2530"]
[BlackElo "2515"]
[PlyCount "81"]
[EventDate "1994.??.??"]
[Source "ChessBase"]

1. e4 c5 2. Nf3 e6 3. g3 Nf6 4. d3 d5 5. Qe2 Nc6 6. Bg2 Be7 7. O-O b6 8. e5 Nd7 9. c4 d4 10. h4 h6 11. h5 Bb7 12. Bf4 Nf8 13. g4 Nh7 14. Nbd2 Ng5 15. Bg3 Nxf3+ 16. Bxf3 Qc7 17. Be4 O-O-O 18. f4 Rdg8 19. Kf2 g6 20. Rh1 Rg7 21. Nf3 gxh5 22. Rxh5 Rxg4 23. Nxd4 Rhg8 24. Nxc6 Rxg3 25. Nxe7+ Qxe7 26. Rh2 Qd7 27. Bxb7+ Qxb7 28. Qe4 Qxe4 29. dxe4 R3g4 30. Kf3 Rg3+ 31. Kf2 h5 32. Re1 R3g4 33. Ke3 Rg3+ 34. Kf2 h4 35. Re3 R3g4 36. Rf3 Rd8 37. Ke3 Rd4 38. b3 Kd7 39. Rfh3 Rg1 40. Re2 a5 41. Kf2 1/2-1/2

[Event "Radenci op"]
[Site "?"]
[Date "1998.??.??"]
[Round "?"]
[White "Sax Gyula"]
[Black "Sermek Drazen"]
[Result "1/2-1/2"]
[WhiteElo "2535"]
[BlackElo "2510"]
[PlyCount "20"]
[EventDate "1998.??.??"]
[Source "www.chesslib.no"]
[SourceDate "2004.05.04"]

1. e4 c5 2. Nf3 e6 3. d3 Nc6 4. g3 d5 5. Qe2 Nge7 6. Bg2 g6 7. O-O Bg7 8. e5 Qc7 9. Re1 O-O 10. Nbd2 g5 1/2-1/2

[Event "Pardubice Czech op"]
[Site "Pardubice"]
[Date "2001.07.26"]
[Round "7"]
[White "Totsky, Leonid"]
[Black "Neverov, Valeriy"]
[Result "0-1"]
[WhiteElo "2481"]
[BlackElo "2564"]
[PlyCount "92"]
[EventDate "2001.07.20"]
[Source "ChessBase"]
[SourceDate "2001.09.11"]

1. e4 c5 2. Nf3 e6 3. d3 Nc6 4. g3 d5 5. Qe2 Nf6 6. Bg2 Be7 7. O-O b6 8. e5 Nd7 9. c4 d4 10. Re1 Bb7 11. h4 h6 12. Nbd2 Qc7 13. Nf1 O-O-O 14. N1h2 g5 15. hxg5 hxg5 16. Ng4 Rh5 17. Bd2 Rdh8 18. a3 a5 19. b3 Qd8 20. Kf1 R8h7 21. Ng1 Qh8 22. f4 gxf4 23. Bxf4 Bg5 24. Nf2 Bxf4 25. gxf4 Rf5 26. Qf3 Rh4 27. Ngh3 Qh6 28. Kg1 Kc7 29. Qg3 Ne7 30. Bxb7 Kxb7 31. Ng4 Qh5 32. Nhf2 Ng6 33. Re4 Qh8 34. b4 Qa8 35. bxc5 Nxc5 36. Rxd4 Kc7 37. Rb1 Rfh5 38. Qg2 Qxg2+ 39. Kxg2 Ne7 40. Nf6 Rh8 41. Rd6 Nf5 42. d4 Rh2+ 43. Kf3 Nd3 44. N6g4 R8h3+ 45. Nxh3 Rxh3+ 46. Ke4 Nf2+ 0-1

[Event "WJun"]
[Site "Yerevan ARM"]
[Date "2007.10.12"]
[Round "9"]
[White "Amin, B."]
[Black "Brandenburg, D."]
[Result "1/2-1/2"]
[WhiteElo "2561"]
[BlackElo "2483"]
[PlyCount "113"]
[EventDate "2007.10.03"]
[Source "www.chesslib.no"]
[SourceDate "2004.05.04"]

1. e4 c5 2. Nf3 Nc6 3. d3 e6 4. g3 Nf6 5. Bg2 Be7 6. O-O d5 7. Qe2 O-O 8. e5 Ne8 9. Re1 b5 10. h4 a5 11. Nbd2 b4 12. Nf1 Ba6 13. N1h2 a4 14. a3 bxa3 15. Rxa3 c4 16. Rxa4 cxd3 17. cxd3 Nb4 18. Ra3 Rc8 19. Bg5 Nc7 20. Rea1 Bb5 21. Qd2 Nc6 22. Bxe7 Qxe7 23. Rc1 Na6 24. Rac3 Nab4 25. Nd4 Qb7 26. Nxc6 Nxc6 27. d4 Ne7 28. Nf3 h6 29. Rc5 Bc4 30. b4 Rb8 31. Rb1 Qa6 32. Qc3 Rfc8 33. Nd2 Be2 34. Ra1 Qd3 35. Qxd3 Bxd3 36. Ra3 Be2 37. Re3 Ba6 38. Ra3 Be2 39. Rxc8+ Rxc8 40. Bf3 Bb5 41. Kg2 Nc6 42. Rc3 Rb8 43. Nb3 Nxb4 44. Rc7 Be8 45. Bd1 Ba4 46. Bh5 Bxb3 47. Bxf7+ Kh8 48. Bxe6 Nc2 49. Bf7 Nxd4 50. e6 Ba4 51. e7 Be8 52. Bxd5 g6 53. g4 Kg7 54. Kg3 g5 55. Bc4 Kf6 56. hxg5+ hxg5 57. f4 1/2-1/2

[Event "BIH-chT"]
[Site "Neum"]
[Date "2002.06.03"]
[Round "2.1"]
[White "Damljanovic, Branko"]
[Black "Bistric, Faruk"]
[Result "1-0"]
[WhiteElo "2548"]
[BlackElo "2494"]
[PlyCount "95"]
[EventDate "2002.06.02"]
[Source "ChessBase"]
[SourceDate "2002.09.20"]

1. Nf3 c5 2. e4 e6 3. d3 d5 4. Qe2 Nc6 5. g3 Nf6 6. Bg2 Be7 7. O-O b5 8. Nbd2 O-O 9. Re1 a5 10. a4 bxa4 11. Rxa4 Nd7 12. Nf1 d4 13. e5 Bb7 14. h4 Nb4 15. N1h2 Qc7 16. Bg5 Bxg5 17. hxg5 c4 18. dxc4 Nb6 19. Rxb4 axb4 20. b3 Rfd8 21. Rd1 Nd7 22. Ng4 d3 23. Rxd3 Nc5 24. Rxd8+ Qxd8 25. Qe1 Rb8 26. Ngh2 Be4 27. Qc1 Ra8 28. Qe3 Ra1+ 29. Nf1 Qc7 30. Ne1 Bg6 31. Kh2 Nd7 32. f4 Qc5 33. Qd2 h6 34. gxh6 gxh6 35. Ne3 Qe7 36. Nf3 Kg7 37. Nd4 Kh7 38. Nc6 Qc5 39. Nxb4 Qa5 40. f5 exf5 41. Qxd7 f4 42. gxf4 Qxb4 43. f5 Bh5 44. Nd5 Qf8 45. Nf6+ Kh8 46. Nxh5 Rc1 47. Qd2 Ra1 48. Qd4 1-0

[Event "Hungary HUN"]
[Site "?"]
[Date "2006.04.09"]
[Round "10"]
[White "Sax Gyula"]
[Black "Cao Sang"]
[Result "1/2-1/2"]
[WhiteElo "2535"]
[BlackElo "2488"]
[PlyCount "36"]
[EventDate "2006.??.??"]
[Source "www.chesslib.no"]
[SourceDate "2004.05.04"]

1. e4 c5 2. Nf3 e6 3. d3 Nc6 4. g3 d5 5. Qe2 Nf6 6. Bg2 Be7 7. O-O O-O 8. e5 Nd7 9. c4 d4 10. Nbd2 Rb8 11. Re1 a6 12. Ne4 Ndxe5 13. Nxe5 Nxe5 14. Bf4 f6 15. Nd2 Bd6 16. Ne4 Be7 17. Nd2 Bd6 18. Ne4 Be7 1/2-1/2

[Event "VISA GP"]
[Site "Reykjavik"]
[Date "1998.03.16"]
[Round "7"]
[White "Nijboer, Friso"]
[Black "Ivanov, Mikhail M"]
[Result "0-1"]
[WhiteElo "2580"]
[BlackElo "2440"]
[PlyCount "92"]
[EventDate "1998.03.10"]
[Source "ChessBase"]
[SourceDate "1998.06.15"]

1. e4 c5 2. Nf3 e6 3. d3 Nc6 4. g3 d5 5. Qe2 Nf6 6. Bg2 dxe4 7. dxe4 e5 8. O-O Bg4 9. c3 Qc8 10. Nbd2 Be7 11. Nc4 O-O 12. Qc2 Bh3 13. Bxh3 Qxh3 14. Nfxe5 Nxe5 15. Nxe5 Qe6 16. Nd3 c4 17. Nf4 Qxe4 18. Qxe4 Nxe4 19. Re1 f5 20. f3 Bc5+ 21. Kg2 Nf6 22. Ne6 Rfe8 23. Bg5 Bb6 24. Bxf6 gxf6 25. Nf4 Rxe1 26. Rxe1 Rd8 27. b3 cxb3 28. axb3 Kf7 29. c4 Rd2+ 30. Kh3 a5 31. Re2 Rd1 32. Rc2 Bc5 33. Rc3 b6 34. Rd3 Rb1 35. g4 fxg4+ 36. Kxg4 Rg1+ 37. Kh3 f5 38. Rd7+ Kf6 39. Nd5+ Ke5 40. Rxh7 Rb1 41. f4+ Kd4 42. Kh4 Rxb3 43. Ne7 Kxc4 44. Nxf5 a4 45. Kg4 a3 46. Ra7 Rb5 0-1

[Event "34. Olympiad"]
[Site "?"]
[Date "2000.11.10"]
[Round "13"]
[White "Rowson Jonathan"]
[Black "Efimov Igor"]
[Result "0-1"]
[WhiteElo "2494"]
[BlackElo "2520"]
[PlyCount "96"]
[EventDate "2000.??.??"]
[Source "www.chesslib.no"]
[SourceDate "2004.05.04"]

1. e4 c5 2. Nf3 e6 3. d3 Nc6 4. g3 d5 5. Qe2 Nge7 6. Bg2 g6 7. h4 h6 8. O-O Bg7 9. c3 b6 10. Na3 Ba6 11. e5 Qc7 12. Re1 Nb8 13. Bf4 Nd7 14. Qd2 Rd8 15. d4 Kf8 16. Bf1 Bxf1 17. Rxf1 a6 18. Qe2 Qb7 19. h5 Rc8 20. Rad1 b5 21. Nc2 c4 22. Kg2 Ke8 23. hxg6 fxg6 24. Rh1 Nf8 25. Ne3 g5 26. Bxg5 hxg5 27. Rxh8 Bxh8 28. Ng4 Nf5 29. Nxg5 Qe7 30. f4 Bg7 31. Rh1 b4 32. Nh7 Rb8 33. Qc2 bxc3 34. Qa4+ Kf7 35. Ng5+ Kg6 36. bxc3 Rb2+ 37. Kf3 Rd2 38. Rd1 Rb2 39. Qxa6 Bh6 40. Nxh6 Nxh6 41. Qa4 Nh7 42. Nh3 Qf7 43. g4 Rh2 44. f5+ Nxf5 45. gxf5+ Qxf5+ 46. Nf4+ Kg5 47. Rg1+ Kh4 48. Qc2 Rh3+ 0-1

[Event "Open"]
[Site "Vladimir"]
[Date "2004.08.19"]
[Round "2"]
[White "Glek, Igor V"]
[Black "Kim, Alexander"]
[Result "1/2-1/2"]
[WhiteElo "2578"]
[BlackElo "2435"]
[PlyCount "56"]
[EventDate "2004.08.18"]
[Source "Roberto Alvarez"]
[SourceDate "2004.09.21"]

1. e4 c5 2. Nf3 e6 3. d3 Nc6 4. g3 d5 5. Qe2 Nf6 6. Bg2 Be7 7. O-O b5 8. e5 Nd7 9. h4 Qc7 10. Re1 Bb7 11. Bf4 O-O 12. Nbd2 Rac8 13. c3 Rfd8 14. Nf1 d4 15. h5 Nb6 16. h6 g6 17. Rac1 dxc3 18. bxc3 b4 19. c4 Nd4 20. Nxd4 Rxd4 21. Bxb7 Qxb7 22. Be3 Rd7 23. Nd2 Qb8 24. Nf3 Rcd8 25. Rcd1 Na4 26. Bg5 Nc3 27. Qe3 Nxd1 28. Rxd1 Bf8 1/2-1/2

[Event "EU-ch 2nd"]
[Site "Ohrid"]
[Date "2001.06.03"]
[Round "3"]
[White "Delchev, Aleksander"]
[Black "Galego, Luis"]
[Result "1-0"]
[WhiteElo "2584"]
[BlackElo "2429"]
[PlyCount "103"]
[EventDate "2001.06.01"]
[Source "ChessBase"]
[SourceDate "2001.09.13"]

1. e4 c5 2. Nf3 e6 3. d3 d5 4. Qe2 Nf6 5. g3 Nc6 6. Bg2 Be7 7. O-O h6 8. c3 b6 9. exd5 exd5 10. d4 cxd4 11. cxd4 O-O 12. Rd1 Bd6 13. Nc3 Re8 14. Be3 a6 15. Ne5 Ne7 16. Qf3 Bxe5 17. dxe5 Bg4 18. exf6 Bxf3 19. fxe7 Qxe7 20. Bxf3 Qf6 21. Bg2 Rad8 22. Rd4 b5 23. Rad1 Rc8 24. Bxd5 Qg6 25. R1d2 Rc7 26. h3 h5 27. Be4 Qe6 28. Bf3 h4 29. Rxh4 Qc8 30. Rd5 f6 31. Rdh5 Kf7 32. Bd5+ Ke7 33. Re4+ Kd7 34. Rd4 Ke7 35. Rh7 Rg8 36. Re4+ Kf8 37. Reh4 Qf5 38. Rh8 Rxh8 39. Rxh8+ Ke7 40. Be4 Qe6 41. Nd5+ Kd7 42. Nb6+ Ke7 43. Bd5 Qf5 44. b4 Qd3 45. Rg8 g5 46. Bc5+ Rxc5 47. bxc5 Qd4 48. c6 Kd6 49. Rd8+ Kc7 50. Na8+ Kxd8 51. c7+ Ke7 52. Bb7 1-0

[Event "Ubeda op"]
[Site "Ubeda"]
[Date "1999.01.23"]
[Round "4"]
[White "Hamdouchi, Hichem"]
[Black "Kreiman, Boris"]
[Result "1/2-1/2"]
[WhiteElo "2555"]
[BlackElo "2455"]
[PlyCount "60"]
[EventDate "1999.01.??"]
[Source "ChessBase"]
[SourceDate "1999.03.01"]

1. e4 c5 2. Nf3 e6 3. d3 Nc6 4. g3 d5 5. Qe2 Nge7 6. h4 dxe4 7. dxe4 Nd4 8. Qd1 Nxf3+ 9. Qxf3 Nc6 10. Na3 b6 11. c3 Be7 12. Bf4 e5 13. Rd1 Qc7 14. Bg5 f6 15. Nb5 Qb8 16. Bc4 a6 17. Bh6 axb5 18. Bxg7 h5 19. Bxb5 Qc7 20. Bxf6 Bg4 21. Bxe5 Bxf3 22. Bxc7 Rh6 23. O-O Bxd1 24. Rxd1 Rxa2 25. b4 cxb4 26. cxb4 Rb2 27. Bxb6 Rxb4 28. Be3 Rxb5 29. Bxh6 Ne5 30. Rd5 Rxd5 1/2-1/2

[Event "ST Lee Cup 4th"]
[Site "Beijing"]
[Date "1997.09.01"]
[Round "8"]
[White "Zhang Zhong"]
[Black "Ye Jiangchuan"]
[Result "1/2-1/2"]
[WhiteElo "2475"]
[BlackElo "2530"]
[PlyCount "58"]
[EventDate "1997.08.23"]
[Source "ChessBase"]
[SourceDate "1997.11.23"]

1. e4 c5 2. Nf3 e6 3. d3 Nc6 4. g3 d5 5. Qe2 Nge7 6. h4 dxe4 7. dxe4 Nd4 8. Qd1 Nec6 9. Na3 Be7 10. h5 O-O 11. Nh4 Bxh4 12. Rxh4 Ne5 13. Bg2 Qa5+ 14. Bd2 Qb6 15. Rb1 c4 16. Kf1 c3 17. Bxc3 Rd8 18. Bxd4 Rxd4 19. Qe1 Bd7 20. c3 Rd3 21. f4 Re3 22. Qf2 Bb5+ 23. Nxb5 Qxb5+ 24. Kg1 Qd3 25. Qf1 Nf3+ 26. Bxf3 Rxf3 27. Qxd3 Rxd3 28. Kf2 Rd2+ 29. Kg1 Rd3 1/2-1/2

[Event "RUS-Cup1 Chigorin mem"]
[Site "St Petersburg"]
[Date "1996.??.??"]
[Round "9"]
[White "Ivanov, Vladimir Ivanovich"]
[Black "Eingorn, Vereslav S"]
[Result "1/2-1/2"]
[WhiteElo "2415"]
[BlackElo "2585"]
[PlyCount "73"]
[EventDate "1996.11.??"]
[Source "ChessBase"]

1. e4 c5 2. Nf3 e6 3. d3 Nc6 4. g3 d5 5. Qe2 Nf6 6. Bg2 Be7 7. O-O h6 8. Nbd2 b6 9. e5 Nh7 10. c3 Bb7 11. a3 a5 12. h4 a4 13. Re1 Na5 14. Nh2 Qd7 15. Rb1 Nf8 16. b4 axb3 17. Nxb3 Nxb3 18. Rxb3 Bd8 19. h5 Bc7 20. Rb1 Bc6 21. Ng4 Nh7 22. d4 c4 23. Ne3 O-O 24. f4 f6 25. exf6 Nxf6 26. Ng4 Nxg4 27. Qxg4 Rf6 28. Bh3 Re8 29. Rb2 Qf7 30. Rbe2 Bd7 31. Qf3 b5 32. Bg4 Bd6 33. Qg2 Kh8 34. Qh3 Re7 35. Qg2 Qf8 36. Qh3 Qf7 37. Qg2 1/2-1/2

[Event "Reykjavik zt"]
[Site "Reykjavik"]
[Date "1995.??.??"]
[Round "7"]
[White "Mortensen, Erling"]
[Black "Akesson, Ralf"]
[Result "1-0"]
[WhiteElo "2500"]
[BlackElo "2500"]
[PlyCount "69"]
[EventDate "1995.03.??"]
[Source "ChessBase"]

1. e4 c5 2. Nf3 e6 3. d3 Nc6 4. g3 d5 5. Nbd2 Nge7 6. h4 e5 7. h5 f6 8. Nh4 Be6 9. Bh3 Qd7 10. Bxe6 Qxe6 11. c3 O-O-O 12. Qf3 Kb8 13. exd5 Rxd5 14. g4 g6 15. Ne4 f5 16. gxf5 gxf5 17. Ng3 f4 18. Ne4 Nc8 19. Bd2 Rd8 20. b3 Qd7 21. Ke2 Be7 22. Rag1 Rhg8 23. Rxg8 Rxg8 24. Qh3 Qd8 25. Nf3 Qd5 26. c4 Qf7 27. Bc3 Nd4+ 28. Bxd4 exd4 29. Rg1 Rxg1 30. Nxg1 Bf8 31. Nf3 Nd6 32. Ne5 Qe8 33. Nd7+ Ka8 34. Ndxc5 b6 35. Ne6 1-0

[Event "First Saturday GM - Marzo 2007"]
[Site "Budapest UNG"]
[Date "2007.03.14"]
[Round "11"]
[White "Kosic, Dragan"]
[Black "Caruana, Fabiano"]
[Result "1/2-1/2"]
[WhiteElo "2504"]
[BlackElo "2492"]
[PlyCount "26"]
[EventDate "2007.03.04"]
[Source "www.chesslib.no"]
[SourceDate "2004.05.04"]

1. e4 c5 2. Nf3 e6 3. d3 Nc6 4. g3 d5 5. Qe2 Nf6 6. Bg2 Be7 7. O-O b5 8. Re1 Bb7 9. e5 Nd7 10. h4 a5 11. Bf4 b4 12. Nbd2 a4 13. a3 Qb6 1/2-1/2

[Event "URS-FL49"]
[Site "Volgodonsk"]
[Date "1981.??.??"]
[Round "11"]
[White "Vasiukov, Evgeni"]
[Black "Yermolinsky, Alex"]
[Result "1/2-1/2"]
[WhiteElo "2545"]
[BlackElo "2450"]
[PlyCount "46"]
[EventDate "1981.10.??"]
[Source "ChessBase"]

1. e4 c5 2. Nf3 e6 3. d3 Nc6 4. g3 Nf6 5. Bg2 d5 6. Qe2 Be7 7. O-O b6 8. Re1 Bb7 9. Nbd2 h6 10. c3 Qc7 11. exd5 exd5 12. Nb3 O-O 13. Bf4 Bd6 14. Bxd6 Qxd6 15. d4 c4 16. Nbd2 Rae8 17. Qf1 Bc8 18. Rxe8 Rxe8 19. Re1 Bf5 20. Rxe8+ Nxe8 21. Qe1 Qe6 22. Qe3 Qxe3 23. fxe3 Nd6 1/2-1/2

[Event "Kiev-ch"]
[Site "?"]
[Date "2000.??.??"]
[Round "?"]
[White "Galinsky Timofey"]
[Black "Malakhatko Vadim"]
[Result "1/2-1/2"]
[WhiteElo "2424"]
[BlackElo "2568"]
[PlyCount "96"]
[EventDate "2000.??.??"]
[Source "www.chesslib.no"]
[SourceDate "2004.05.04"]

1. e4 c5 2. Nf3 e6 3. d3 Nc6 4. g3 d5 5. Nbd2 b6 6. Bg2 dxe4 7. Nxe4 Bb7 8. O-O Be7 9. Bf4 Nf6 10. Ne5 Nd5 11. Nxc6 Bxc6 12. Be5 f6 13. c4 fxe5 14. cxd5 exd5 15. Qh5+ Kd7 16. Qf5+ Kc7 17. Qxe5+ Kb7 18. Nc3 Bf6 19. Qf5 Bxc3 20. bxc3 Qf6 21. Qxf6 gxf6 22. Rae1 Rae8 23. Re3 Kc7 24. Rfe1 Kd6 25. Bh3 Re5 26. d4 cxd4 27. cxd4 Rxe3 28. Rxe3 Re8 29. Bf5 Rxe3 30. fxe3 h6 31. Kf2 Bd7 32. Bd3 Bg4 33. Ke1 Ke6 34. Kd2 Bf5 35. Ba6 Bb1 36. a3 Kf5 37. Ke2 Bc2 38. Bc8+ Kg5 39. Be6 Be4 40. Bd7 Bb1 41. Be6 Be4 42. Bd7 a6 43. Bc8 a5 44. Bd7 Bc2 45. Be6 Be4 46. Bd7 f5 47. h4+ Kf6 48. Kd2 Ke7 1/2-1/2

[Event "Asker 75th"]
[Site "Asker"]
[Date "1997.11.25"]
[Round "4"]
[White "Djurhuus, Rune"]
[Black "Ostenstad, Berge"]
[Result "1-0"]
[WhiteElo "2525"]
[BlackElo "2465"]
[PlyCount "105"]
[EventDate "1997.11.22"]
[Source "ChessBase"]
[SourceDate "1998.01.31"]

1. e4 c5 2. Nf3 e6 3. d3 Nc6 4. g3 d5 5. Qe2 Nf6 6. Bg2 Be7 7. O-O O-O 8. e5 Nd7 9. c4 Nb6 10. h4 a5 11. a4 Bd7 12. Nc3 Nb4 13. Rd1 Bc6 14. h5 h6 15. b3 Qc7 16. Bf4 Rad8 17. Nb5 Qb8 18. Nh2 dxc4 19. dxc4 Bxg2 20. Kxg2 Rxd1 21. Rxd1 Rd8 22. Ng4 Rxd1 23. Qxd1 Qe8 24. f3 Nc6 25. Be3 Qd8 26. Qxd8+ Nxd8 27. Nf2 Nd7 28. f4 Kh7 29. Ne4 g6 30. g4 b6 31. Kf3 Kg7 32. Ned6 Bxd6 33. Nxd6 Nc6 34. Ke4 gxh5 35. gxh5 f5+ 36. Nxf5+ exf5+ 37. Kxf5 Nd4+ 38. Ke4 Nxb3 39. f5 Nd4 40. f6+ Kf7 41. Kd5 Nf8 42. Bxh6 Nfe6 43. Be3 Nc2 44. Bd2 Ncd4 45. Kd6 Nf8 46. h6 Nf5+ 47. Kc6 Ke6 48. Bf4 Nh4 49. Kxb6 Nhg6 50. Bg3 Nxe5 51. Bxe5 Kxe5 52. Kxa5 Kxf6 53. Kb6 1-0

[Event "Berlin Open"]
[Site "Berlin West"]
[Date "1988.??.??"]
[Round "5"]
[White "Wahls, Matthias"]
[Black "Vaisser, Anatoli V"]
[Result "1/2-1/2"]
[WhiteElo "2460"]
[BlackElo "2530"]
[PlyCount "104"]
[EventDate "1988.08.??"]
[Source "www.chesslib.no"]
[SourceDate "2004.05.04"]

1. e4 e6 2. Bb5 c6 3. Ba4 d5 4. Qe2 Qa5 5. Bb3 Nf6 6. e5 Nfd7 7. c3 c5 8. d3 Nc6 9. f4 Nd4 10. Qd1 Nxb3 11. Qxb3 c4 12. dxc4 Nc5 13. Qb5+ Qxb5 14. cxb5 Nd3+ 15. Ke2 Nxc1+ 16. Kd2 Nxa2 17. Rxa2 Bd7 18. Na3 Bxa3 19. Rxa3 Bxb5 20. Nf3 a6 21. Nd4 Kd7 22. Rha1 Bc6 23. Re1 h5 24. h4 Rh6 25. Re3 Rg6 26. g3 Kc7 27. Ra1 Bd7 28. Ke2 Rc8 29. Kf2 Rh6 30. Kf3 Kb6 31. Ke2 a5 32. b3 Rhh8 33. Kd2 Ra8 34. Ree1 Ra6 35. Rf1 Re8 36. f5 exf5 37. Nxf5 Bxf5 38. Rxf5 g6 39. Rxf7 Rxe5 40. Kd3 Re4 41. Ra4 Ka7 42. Rd7 Rxa4 43. bxa4 Rf6 44. Ke3 Re6+ 45. Kd3 Rf6 46. Ke3 Re6+ 47. Kd3 Re4 48. Rxd5 Rxa4 49. Rg5 Rg4 50. Rxa5+ Kb6 51. Rg5 Rxg5 52. hxg5 Kc5 1/2-1/2

[Event "Bundesliga 9697"]
[Site "Germany"]
[Date "1996.??.??"]
[Round "?.3"]
[White "Bauer, Christian"]
[Black "Nijboer, Friso"]
[Result "1/2-1/2"]
[WhiteElo "2465"]
[BlackElo "2525"]
[PlyCount "66"]
[EventDate "1996.10.??"]
[Source "ChessBase"]
[SourceDate "1999.07.01"]

1. e4 c5 2. Nf3 e6 3. d3 Nc6 4. g3 Nf6 5. Bg2 d5 6. Qe2 Be7 7. O-O O-O 8. e5 Ne8 9. c4 Nc7 10. Nc3 a6 11. Bf4 b5 12. Rad1 Rb8 13. b3 a5 14. Rfe1 Rb6 15. d4 bxc4 16. dxc5 Rb4 17. Qc2 Nb5 18. Nxb5 Rxb5 19. bxc4 Rxc5 20. Bf1 Ba6 21. Be3 Rxc4 22. Bxc4 Bxc4 23. Qxc4 dxc4 24. Rxd8 Rxd8 25. Rc1 Nb4 26. Rxc4 Nxa2 27. Ra4 Nc3 28. Rxa5 Nd5 29. Bd2 h6 30. h4 Rc8 31. Kf1 Bd8 32. Ra7 Bb6 33. Rb7 Rc7 1/2-1/2

[Event "It (Open) Tehran IRI"]
[Site "?"]
[Date "2006.01.30"]
[Round "9"]
[White "Bistric Faruk"]
[Black "Neverov Valeriy"]
[Result "0-1"]
[WhiteElo "2434"]
[BlackElo "2554"]
[PlyCount "47"]
[EventDate "2006.??.??"]
[Source "www.chesslib.no"]
[SourceDate "2004.05.04"]

1. e4 c5 2. Nf3 e6 3. d3 Nc6 4. g3 d5 5. Qe2 Nge7 6. Bg2 g6 7. O-O Bg7 8. e5 Qc7 9. Re1 h6 10. h4 b6 11. Na3 Ba6 12. c3 Rc8 13. Bd2 Nb8 14. b4 Nd7 15. b5 Bb7 16. Nc2 a6 17. bxa6 Bxa6 18. a4 O-O 19. Na3 Ra8 20. Bf4 Qc6 21. c4 Qxa4 22. Nb5 Bxb5 23. Rxa4 Bxa4 24. Qd2 0-1

[Event "Vienna op 13th"]
[Site "?"]
[Date "1998.??.??"]
[Round "?"]
[White "Glek Igor V"]
[Black "Anka Emil"]
[Result "1-0"]
[WhiteElo "2565"]
[BlackElo "2420"]
[PlyCount "77"]
[EventDate "1998.??.??"]
[Source "www.chesslib.no"]
[SourceDate "2004.05.04"]

1. e4 c5 2. Nf3 e6 3. d3 Nc6 4. g3 d5 5. Qe2 Nge7 6. Bg2 g6 7. O-O Bg7 8. Re1 Qc7 9. c3 h6 10. h4 b6 11. Na3 Ba6 12. exd5 Nxd5 13. c4 Ndb4 14. Nb5 Bxb5 15. cxb5 Ne7 16. Bf4 Qc8 17. d4 Nbd5 18. Be5 O-O 19. Rac1 a6 20. dxc5 axb5 21. cxb6 Qa6 22. Bxg7 Kxg7 23. Ne5 Rad8 24. Nc6 Nxc6 25. Rxc6 Nb4 26. Rd6 Qxa2 27. Rxd8 Rxd8 28. Qxb5 Nd5 29. h5 gxh5 30. b7 Qa7 31. Bxd5 exd5 32. b3 h4 33. gxh4 Rg8 34. Kf1 Kf6 35. Re3 Rb8 36. Qc6+ Kg7 37. Rg3+ Kh7 38. Qc2+ Kh8 39. Qc8+ 1-0